| 000 | 00840nas a2200241 454500 | ||
|---|---|---|---|
| 001 | 37419 | ||
| 005 | 20260407193510.0 | ||
| 008 | 260407s ####ag###########|||spa#d | ||
| 003 | AR-UNSa-BCEJYS | ||
| 040 |
_aAR-UNSa-BCEJYS _bspa _cAR-UNSa-BCEJYS |
||
| 080 |
_a37 _xEducación. Enseñanza. Formación |
||
| 245 | 1 | 0 |
_aEducación _pcolección semestral de aportaciones alemanas recientes en las ciencias pedagógicas |
| 022 | _a0341-6186 | ||
| 264 | 1 |
_aTubingen : _bInstituto de Colaboración Científica |
|
| 310 | _aFrecuencia: Semestral | ||
| 041 | _aspa | ||
| 942 | _cSER | ||
| 590 | _aniveau_biblio:s niveau_hierar:1 | ||
| 100 | 1 | _aInstituto de Colaboración Científica | |
| 650 | _aEducación | ||
| 650 | _aCiencias de la educación | ||
| 856 | 4 | 1 |
_uhttps://170.210.207.44/pmb/images/revistas/R19573.jpg _yImagen de portada _qimage/jpeg |
| 999 |
_c8812 _d8812 |
||